banner-ar

رحلة البحث عني : (Record no. 62807)

MARC details
000 -الفاتح
حقل البيانات ثابتة الطول 00802nam a2200217 4500
005 - وقت وتاريخ اخر تعامل مع التسجيلة
رقم الضبط 20240530110608.0
008 - عناصر البيانات ثابتة الطول - معلومات عامة
حقل البيانات ثابتة الطول 160611s2014 ua o|||g |||| 00| 0 ara d
017 ## - رقم الايداع القانونى
رقم الايداع القانونى 2012/23930
المصدر ( الهيئة المختصة) مصر. دار الكتب المصرية
020 ## - الرقم الدولى المعيارى للكتب
الرقم الدولى المعيارى للكتاب 9789774278716
040 ## - مصدر الفهرسة
وكالة الفهرسة الأصلية EG-CaGPL
082 04 - رقم تصنيف ديوى العشرى
رقم التصنيف 920.72/
رقم المادة ل ر
رقم الطبعة 1
100 0# - المدخل الرئيسى - إسم شخصى
الإسم الشخصى لوتس عبدالكريم
245 10 - بيان العنوان
العنوان رحلة البحث عني :
بقية العنوان رواية حياة /
بيان المسئوليه,etc لوتس عبدالكريم
250 ## - بيان الطبعة
بيان الطبعة ط .1.
260 ## - PUBLICATION, DISTRIBUTION, ETC. (IMPRINT)
تاريخ النشر أو التوزيع 2014
300 ## - الوصف المادى
التعداد 702 ص. :
تفاصيل ماديه اخرى للوعاء صور بعضها لو. ؛
أبعاد الوعاء 25 سم.
600 04 - المدخل الاضافى بالموضوع-اسم شخصى
الإسم الشخصى لوتس عبد الكريم
التقسيم الفرعي العام مذكرات
650 04 - المدخل الاضافى بالموضوع-مصطلح موضوعى
مصطلح موضوعي الأدباء العرب
التقسيم الفرعي العام تراجم
942 ## - عناصر المدخل الإضافي( كوها)
مصدر التصنيف او مخطط الترفيف Dewey Decimal Classification
Koha [default] item type كتاب
260 ## - PUBLICATION, DISTRIBUTION, ETC. (IMPRINT)
-- القاهرة :
-- الدار المصرية اللبنانية،
Holdings
حالة التراجع حالة الفقد حالة تلف ليس للاعارة المكان المؤقت الموقع الحالى موقع الترفيف تاريخ الاكتساب اجمالي اﻻعارات رقم الطلب الباركود تاريخ اخر مشاهدة تاريخ تفعيل السعر نوع وعاء كوها
        مكتبة القاهرة الكبرى مكتبة القاهرة الكبرى القاعة الرئيسية 11/10/2016   920.72/ ل ر 162672 11/10/2016 11/10/2016 كتاب

Powered By

EGPV